000
00242nam a2200097Ia 4500
008
230915s9999 xx 000 0 und d
050
_a
SB110 .A367 1979
100
_a
HALL A.E.
245
0
_a
AGRICULTURE IN SEMI-ARID ENVIRONMENTS
942
_c
BK
999
_c
201677
_d
201677